|
|
|
|
| LEADER |
01116nam a22002777a 4500 |
| 001 |
41031 |
| 003 |
BD-DhAAL |
| 005 |
20230329105823.0 |
| 008 |
230329t2022 bg a|||| b||| 001 0 eng d |
| 020 |
|
|
|a 9789845063777
|
| 040 |
|
|
|a BD-DhAAL
|d BD-DhAAL
|
| 082 |
|
|
|2 23
|a 954.9205
|
| 100 |
|
|
|a Riaz, Ali
|9 53930
|
| 245 |
|
|
|a More than meets the eye :
|b essays on Bangladeshi politics /
|c Ali Riaz.
|
| 260 |
|
|
|a Dhaka :
|b The University Press Limited (UPL),
|c 2022
|
| 300 |
|
|
|a vi, 230 pages :
|b illustrations (black and white) ;
|c 22 cm.
|
| 504 |
|
|
|a Includes bibliographical references (pages 191-221) and index.
|
| 526 |
|
|
|a AAL
|
| 541 |
|
|
|a The University Press Limited(UPL)
|e 41031
|
| 650 |
|
|
|a Politics and government.
|
| 651 |
|
|
|a Bangladesh
|x Politics and government
|y 1971-
|
| 651 |
|
|
|a Bangladesh.
|
| 852 |
|
|
|a Ayesha Abed Library
|c General Stacks
|
| 942 |
|
|
|2 ddc
|c BK
|
| 999 |
|
|
|c 45624
|d 45624
|
| 952 |
|
|
|0 0
|1 0
|2 ddc
|4 0
|6 954_920500000000000_RIA
|7 0
|9 73453
|a BRACUL
|b BRACUL
|c GEN
|d 2023-03-23
|e The University Press Limited(UPL)
|g 412.50
|l 2
|m 31
|o 954.9205 RIA
|p 3010041031
|r 2026-03-08
|s 2026-02-17
|t 1
|v 550.00
|w 2023-03-23
|y BK
|